| 000 | 01557nam a2200337 a 4500 | ||
|---|---|---|---|
| 001 | 54405 | ||
| 003 | AR-BaAGN | ||
| 005 | 20250716145428.0 | ||
| 007 | ta | ||
| 008 | s ag |||||r|||| ||| ||spa d | ||
| 020 | _a950-99862-0-8 | ||
| 040 |
_aAR-BaAGN _bspa _eaacr |
||
| 100 | 1 |
_aMontoya, Ramón A. _98534 |
|
| 245 | 1 | 0 |
_aSituación política legal de los territorios del Chaco y la Patagonia en las Campañas al Desierto / _cRamón A. Montoya. |
| 260 |
_a[Buenos Aires] : _bPilcomayo, _c1991. |
||
| 300 |
_a19 páginas ; _c22 cm. |
||
| 336 |
_btxt _2rdacontent |
||
| 337 |
_bn _2rdamedia |
||
| 338 |
_bnc _2rdacarrier |
||
| 500 | _aComunicación de las jornadas de historia sobre el tema: Aspectos sobresalientes de las Campañas al Desierto, realizadas en el mes de noviembre de 1989 en el Círculo Militar, por la Junta de Estudios Históricos de las Campañas al Desierto. Se amplía con las notas bibliográficas respectivas. | ||
| 505 | 0 | _aOrigen legal de los Territorios Nacionales -- Territorios del Chaco -- Territorios de la Patagonia -- Organización institucional definitiva. Ley 1532 y demás disposiciones hasta la terminación de las campañas al desierto -- Notas bibliográficas. | |
| 650 | 4 |
_aTERRITORIOS NACIONALES _91139 |
|
| 650 | 4 |
_aCAMPAÑA AL DESIERTO _9964 |
|
| 650 | 4 |
_aLEYES NACIONALES _92539 |
|
| 650 | 4 |
_aLEYES PROVINCIALES _92540 |
|
| 650 | 4 |
_aHISTORIA POLÍTICA _91051 |
|
| 651 | 4 |
_aChaco (región) _94098 |
|
| 651 | 4 |
_aPatagonia (Argentina) _92921 |
|
| 942 |
_cFOLLETO _kAGN _n0 |
||
| 999 |
_c54405 _d54405 |
||